000 01302cam a2200289 a 4500
999 _c3798
_d3798
003 ALUPE UNIVERSITY
005 20220210110927.0
008 910501s1991 enka b 101 0 eng
020 _a0521380685 (hardback)
040 _cALUPE UNIVERSITY
050 0 0 _aRB152
_b.C35 1991
245 0 0 _aCalcium, oxygen radicals, and cellular damage /
_cedited by C.J. Duncan.
260 _aCambridge [England] ;
_aNew York :
_bCambridge University Press,
_cc1991.
300 _ax, 224 p. :
_bill. ;
_c24 cm.
500 _a"Proceedings of a symposium of the Cell Biology Section of the Society for Experimental Biology, held at Warwick University in March 1990"--Pref.
504 _aIncludes bibliographical references and index.
650 0 _aPathology, Molecular
_xCongresses.
650 0 _aCalcium
_xToxicology
_xCongresses.
650 0 _aActive oxygen
_xToxicology
_xCongresses.
650 0 _aDiseases
_xCauses and theories of causation
_xCongresses.
700 1 _aDuncan, C. J.
_q(Christopher John)
710 2 _aSociety for Experimental Biology (Great Britain).
_bCell Biology Section.
830 0 _v46.
906 _a7
_bcbc
_corignew
_d1
_eocip
_f19
_gy-gencatlg
942 _2lcc
_cBK
_nWO